LEADER 01367oam 22004093a 450 001 9910695263903321 005 20060815153528.0 035 $a(CKB)5470000002368100 035 $a(OCoLC)49058366 035 $a(EXLCZ)995470000002368100 100 $a20020214d2000 ua 0 101 0 $aeng 181 $ctxt$2rdacontent 182 $cc$2rdamedia 183 $acr$2rdacarrier 200 00$aFive steps to avoiding office supply fraud$b[electronic resource] 210 1$a[Washington, D.C.] :$cFederal Trade Commission, Bureau of Consumer Protection, Office of Consumer and Business Education,$d[2000] 215 $a4 unnumbered pages $cdigital, PDF file 225 1 $aBusiness alert 300 $aTitle from title screen (viewed on Aug. 15, 2006). 300 $a"March 2000." 606 $aOffice equipment and supplies industry$xCorrupt practices 615 0$aOffice equipment and supplies industry$xCorrupt practices. 676 $a336.2417 676 $a070.5797 676 $a011.53 676 $a381.34 676 $a364.163 712 02$aUnited States.$bFederal Trade Commission.$bOffice of Consumer and Business Education. 801 0$bN@F 801 1$bN@F 801 2$bOCLCQ 801 2$bGPO 906 $aBOOK 912 $a9910695263903321 996 $aFive steps to avoiding office supply fraud$93093907 997 $aUNINA LEADER 01552nam 2200373 a 450 001 9910694508203321 005 20051003163427.0 035 $a(CKB)5470000002363612 035 $a(OCoLC)61764066 035 $a(EXLCZ)995470000002363612 100 $a20051003d2005 ua 0 101 0 $aeng 135 $aurmn|---||||| 181 $ctxt$2rdacontent 182 $cc$2rdamedia 183 $acr$2rdacarrier 200 10$aWelfare reform$b[electronic resource] $eHHS should exercise oversight to help ensure TANF work participation is measured consistently across states : report to the Chairman, Subcommittee on Human Resources, Committee on Ways and Means, House of Representatives 210 1$a[Washington, D.C.] :$cU.S. Government Accountability Office,$d[2005] 215 $aiii pages, 42 unnumbered pages $cdigital, PDF file 300 $aTitle from title screen (viewed on Sept. 22, 2005). 300 $a"August 2005." 300 $aPaper version available from: U.S. Government Accountability Office, 441 G St., NW, Rm. LM, Washington, D.C. 20548. 300 $a"GAO-05-821." 320 $aIncludes bibliographical references. 517 $aWelfare reform 606 $aPublic welfare$zUnited States$xStates$xEvaluation 615 0$aPublic welfare$xStates$xEvaluation. 712 02$aUnited States.$bCongress.$bHouse.$bCommittee on Ways and Means.$bSubcommittee on Human Resources. 801 0$bGPO 801 1$bGPO 906 $aBOOK 912 $a9910694508203321 996 $aWelfare reform$93096253 997 $aUNINA LEADER 03458nam 22006613 450 001 9910805687303321 005 20240103140707.0 010 $a9783839469545 010 $a3839469546 024 7 $a10.1515/9783839469545 035 $a(CKB)29276813400041 035 $a(MiAaPQ)EBC7374628 035 $a(Au-PeEL)EBL7374628 035 $a(DE-B1597)665227 035 $a(DE-B1597)9783839469545 035 $a(OCoLC)1417795043 035 $a(ScCtBLL)b1bcb0a5-6867-4b17-9a44-bf1af66a1ae4 035 $a(Perlego)4273248 035 $a(EXLCZ)9929276813400041 100 $a20231214d2023 uy 0 101 0 $ager 135 $aur||||||||||| 181 $ctxt$2rdacontent 182 $cc$2rdamedia 183 $acr$2rdacarrier 200 10$aStudies in the Arts II - Künste, Design und Wissenschaft im Austausch$fThomas Gartmann, Cristina Urchueguía, Hannah Ambühl-Baur (Hg.) 205 $a1. Auflage 210 1$aBielefeld$ctranscript$d2023 210 4$d© 2023 215 $a1 online resource (315 pages) 225 1 $aImage 311 08$a9783837669541 327 $tFrontmatter -- $tInhalt -- $tStudies in the Arts - Forschung in den Künsten und im Design? -- $tVisuelle Auslegeordnung und Rhetorische Designanalyse nach dem Berner Modell -- $tMethodenvielfalt in der Designforschung -- $tExpanded Cultural Probes in der Designforschung -- $tVisuelle Narrative zum Lebensende -- $tTowards a Definition of the Concept of "Non-Formally Trained Graphic Designers" -- $tBetween Affect and Concept -- $tIm Südosten der heutigen Türkei - Hinschauen und Wegblicken -- $tUnd der Geier schaut zu -- $tParanatur Forschungslaboratorium -- $tManifesto: Artistic Articulations of Engagement -- $tDer Preis von Dingen unschätzbaren Wertes -- $tDer Spielmann als Pfau -- $tStonesound -- $tPermanent in Auflösung begriffen -- $tA Romanticized Narrative -- $tAutor*innen und Herausgeber*innen 330 $aDas Nachbauen mittelalterlicher Instrumente dank Bildquellen und musiktheoretischer Traktate oder das »Einpflanzen« von Alltagsgegenständen in Landschaften, um so das Begriffspaar Natur-Kultur neu zu verhandeln - diese Beispiele zeigen, wie Kunst als Mittel zur Erkenntnisgewinnung die Wissenschaft bereichert. Die Beiträger*innen experimentieren mit der Verbindung von Kunst und Wissenschaft und richten besonderes Augenmerk auf die noch junge Disziplin der Designforschung sowie deren gesellschaftliches Engagement. Dabei illustrieren sie nicht nur die Bandbreite der Forschung in und mit den Künsten, sondern stellen auch Verbindungen zur Grundlagen-, anwendungsorientierten und aktivistischen Forschung her. 410 0$aImage 606 $aART / Criticism$2bisacsh 610 $aArt. 610 $aDesign Research. 610 $aFine Arts. 610 $aImage Theory. 610 $aKnowledge. 610 $aMusic. 610 $aResearch. 610 $aScience. 610 $aSociety. 610 $aTheory of Art. 615 7$aART / Criticism. 702 $aGartmann$b Thomas$4edt 702 $aUrchuegui?a$b Cristina$4edt 702 $aAmbühl-Baur$b Hannah$4edt 712 02$aHochschule der Künste Bern (HKB)$4fnd$4http://id.loc.gov/vocabulary/relators/fnd 801 0$bMiAaPQ 801 1$bMiAaPQ 801 2$bMiAaPQ 906 $aBOOK 912 $a9910805687303321 996 $aStudies in the Arts II - Künste, Design und Wissenschaft im Austausch$93670622 997 $aUNINA